[Event "Ptuj op"]
[Site "Ptuj"]
[Date "2009.08.07"]
[Round "7"]
[White "Slana, Mirko"]
[Black "Janzekovic, Klemen Tilen"]
[Result "0-1"]
[WhiteElo "2037"]
[BlackElo "1844"]
[PlyCount "50"]
[EventDate "2009.08.02"]
[EventType "swiss"]
[EventRounds "9"]
[EventCountry "SLO"]
[SourceTitle "CBM 131 Extra"]
[Source "ChessBase"]
[SourceDate "2009.09.03"]
[SourceVersion "2"]
[SourceVersionDate "2009.09.16"]
[SourceQuality "1"]

1. e4 e5 2. f4 exf4 3. Nf3 d5 4. exd5 Nf6 5. d4 Nxd5 6. Bd3 Qe7+ 7. Kf2 Ne3 8. Re1 Nxd1+ 9. Rxd1 Qd6 10. Nc3 c6 11. Re1+ Be7 12. Ne4 Qc7 13. Re2 Bg4 14. c4 Bxf3 15. Kxf3 0-0 16. Bxf4 Qd8 17. Be3 Nd7 18. a3 a5 19. g3 Nf6 20. Nc3 h6 21. g4 Nh7 22. Rh1 Bg5 23. Bf2 Bh4 24. Be3 Re8 25. Ne4 Ng5+ 0-1

[Event "Ptuj op"]
[Site "Ptuj"]
[Date "2009.08.05"]
[Round "5"]
[White "Slana, Mirko"]
[Black "Mazi, Leon"]
[Result "0-1"]
[WhiteElo "2037"]
[BlackElo "2362"]
[PlyCount "90"]
[EventDate "2009.08.02"]
[EventType "swiss"]
[EventRounds "9"]
[EventCountry "SLO"]
[SourceTitle "CBM 131 Extra"]
[Source "ChessBase"]
[SourceDate "2009.09.03"]
[SourceVersion "2"]
[SourceVersionDate "2009.09.16"]
[SourceQuality "1"]

1. e4 Nf6 2. e5 Nd5 3. d4 d6 4. c4 Nb6 5. f4 dxe5 6. fxe5 Bf5 7. Nc3 e6 8. Be3 Nc6 9. Nf3 Bg4 10. Be2 Bxf3 11. gxf3 Qh4+ 12. Bf2 Qf4 13. c5 Nd7 14. Qc1 Qxc1+ 15. Rxc1 0-0-0 16. Rg1 Ndb8 17. Rd1 Ne7 18. Bd3 Nbc6 19. Be4 g6 20. Ke2 Bg7 21. Rd2 Rd7 22. f4 Rf8 23. Rgd1 Nb4 24. a3 Nbd5 25. Nxd5 Nxd5 26. Bxd5 Rxd5 27. b4 Bh6 28. Be3 f6 29. Rd3 fxe5 30. fxe5 Bxe3 31. Rxe3 Rf4 32. Rh3 Rd7 33. Ke3 Rf5 34. Rf3 Rdf7 35. Rdf1 c6 36. a4 Kd7 37. b5 Rxf3+ 38. Rxf3 Rxf3+ 39. Kxf3 cxb5 40. axb5 a5 41. Ke4 a4 42. d5 exd5+ 43. Kxd5 a3 44. c6+ bxc6+ 45. bxc6+ Kd8 0-1

[Event "Ptuj op"]
[Site "Ptuj"]
[Date "2009.08.02"]
[Round "1"]
[White "Slana, Mirko"]
[Black "Vrabic, Anita"]
[Result "0-1"]
[WhiteElo "2037"]
[BlackElo "2119"]
[PlyCount "100"]
[EventDate "2009.08.02"]
[EventType "swiss"]
[EventRounds "9"]
[EventCountry "SLO"]
[SourceTitle "CBM 131 Extra"]
[Source "ChessBase"]
[SourceDate "2009.09.03"]
[SourceVersion "2"]
[SourceVersionDate "2009.09.16"]
[SourceQuality "1"]

1. e4 c5 2. c3 Nf6 3. e5 Nd5 4. d4 cxd4 5. cxd4 e6 6. Nf3 d6 7. Nc3 Nxc3 8. bxc3 Qc7 9. Bd2 Bd7 10. Be2 Bc6 11. exd6 Bxd6 12. g3 Nd7 13. 0-0 0-0 14. Qc2 Rac8 15. Ng5 Nf6 16. Bd3 h6 17. Ne4 Nxe4 18. Bxe4 Bxe4 19. Qxe4 Qc6 20. Qxc6 Rxc6 21. Rfb1 b6 22. f4 Rd8 23. Re1 Rc4 24. a4 Bc7 25. Kf2 Rd5 26. Ra2 a6 27. Ke3 Rd6 28. Rb1 g5 29. Kd3 Rdc6 30. fxg5 hxg5 31. Rb4 Rxb4 32. cxb4 g4 33. Rc2 Rxc2 34. Kxc2 b5 35. axb5 axb5 36. Kd3 f5 37. Bf4 Bb6 38. Bd6 Kf7 39. Ke3 Ke8 40. Be5 Kd7 41. Bg7 Kc6 42. Kd3 Kd5 43. Bf6 Bc7 44. Bg5 Bd6 45. Bd2 Be7 46. Be1 Bg5 47. Bc3 f4 48. Be1 f3 49. Bc3 f2 50. Ke2 Be3 0-1

[Event "EU-ch Seniors 09th"]
[Site "Rogaska Slatina"]
[Date "2009.07.26"]
[Round "5"]
[White "Slana, Mirko"]
[Black "Djurkovic, Maks"]
[Result "1/2-1/2"]
[WhiteElo "2037"]
[BlackElo "2149"]
[PlyCount "118"]
[EventDate "2009.07.22"]
[EventType "swiss"]
[EventRounds "9"]
[EventCountry "SLO"]
[SourceTitle "CBM 131 Extra"]
[Source "ChessBase"]
[SourceDate "2009.09.03"]
[SourceVersion "2"]
[SourceVersionDate "2009.09.16"]
[SourceQuality "1"]

1. e4 b6 2. d4 Bb7 3. Nc3 e6 4. Nf3 Nf6 5. Bd3 Bb4 6. Qe2 d5 7. e5 Ne4 8. Bd2 Nxd2 9. Qxd2 c5 10. a3 Bxc3 11. bxc3 c4 12. Be2 Qe7 13. 0-0 Nd7 14. Rfe1 0-0-0 15. Bf1 Bc6 16. g3 h6 17. Bh3 Kc7 18. Re2 g5 19. Qe3 Rdg8 20. Bg2 b5 21. Nd2 Nb6 22. f4 g4 23. Nf1 a5 24. Qd2 Na4 25. Rf2 Rb8 26. Ne3 h5 27. f5 b4 28. cxb4 c3 29. Qd3 axb4 30. axb4 Rxb4 31. fxe6 fxe6 32. Rf6 Qh7 33. Qxh7+ Rxh7 34. Rxe6 Rxd4 35. Rd6 Bb7 36. Nxd5+ Bxd5 37. Rxd5 Rd7 38. Rxd4 Rxd4 39. Re1 Kd7 40. Be4 Ke6 41. Bg6 Nb6 42. Bxh5 Nc4 43. h3 gxh3 44. Kh2 Rd2+ 45. Kxh3 Nxe5 46. Re2 Kf5 47. Rxd2 cxd2 48. Kg2 Nc4 49. Kf2 Nb2 50. Ke3 d1Q 51. Bxd1 Nxd1+ 52. Kf3 Nc3 53. Ke3 Kg4 54. Kd3 Nb5 55. c4 Na3 56. c5 Kxg3 57. Kd4 Kf4 58. Kd5 Nb5 59. c6 Kf5 1/2-1/2

[Event "SLO-chT2 East"]
[Site "Brezice Maribor"]
[Date "2008.06.07"]
[Round "3"]
[White "Slana, Mirko"]
[Black "Napast, Viktor"]
[Result "0-1"]
[WhiteElo "2037"]
[BlackElo "2076"]
[PlyCount "116"]
[EventDate "2008.10.24"]
[EventType "team-tourn"]
[EventRounds "9"]
[EventCountry "SLO"]
[SourceTitle "EXT 2010"]
[Source "ChessBase"]
[SourceDate "2010.11.25"]
[SourceVersion "1"]
[SourceVersionDate "2010.11.25"]
[SourceQuality "1"]

1. e4 c5 2. c3 d5 3. exd5 Qxd5 4. d4 e6 5. Nf3 Nf6 6. Be2 Be7 7. 0-0 0-0 8. Na3 cxd4 9. Nb5 Na6 10. cxd4 Rd8 11. Nc3 Qd6 12. a3 Nc7 13. Re1 b6 14. g3 Nfd5 15. Ne5 Nxc3 16. bxc3 Bb7 17. Bf3 Bd5 18. a4 Bxf3 19. Qxf3 Bf6 20. Ng4 Nd5 21. Ba3 Qc7 22. Rac1 Be7 23. Bb2 Nf6 24. Ne5 Bd6 25. Ng4 Nxg4 26. Qxg4 Qc4 27. Ra1 a5 28. Qe2 Rac8 29. Qxc4 Rxc4 30. Kf1 Kf8 31. f4 h5 32. h4 g6 33. Ke2 Kg7 34. Kd3 Rdc8 35. Red1 Kf6 36. Ke2 Kf5 37. Kf3 f6 38. Re1 Rg8 39. Re2 g5 40. Rae1 gxf4 41. gxf4 Bxf4 42. Rxe6 Rg3+ 43. Kf2 Rh3 44. R1e2 Rxa4 45. d5 Be5 46. Rxb6 Raxh4 47. Rb5 a4 48. d6 Ke6 49. Re3 Rxe3 50. Kxe3 Kxd6 51. Ba3+ Ke6 52. Bb4 Rh3+ 53. Kd2 a3 54. Ra5 a2 55. Kc2 Rh1 56. Rxa2 Rh2+ 57. Kb3 Rxa2 58. Kxa2 h4 0-1

[Event "SLO-chT2 East"]
[Site "Brezice Maribor"]
[Date "2008.05.24"]
[Round "1"]
[White "Slana, Mirko"]
[Black "Cojhter, Karl"]
[Result "0-1"]
[WhiteElo "2037"]
[BlackElo "2095"]
[PlyCount "42"]
[EventDate "2008.10.24"]
[EventType "team-tourn"]
[EventRounds "9"]
[EventCountry "SLO"]
[SourceTitle "EXT 2010"]
[Source "ChessBase"]
[SourceDate "2010.11.25"]
[SourceVersion "1"]
[SourceVersionDate "2010.11.25"]
[SourceQuality "1"]

1. e4 c5 2. c3 e6 3. d4 d5 4. e5 Nc6 5. Nf3 Bd7 6. Be2 f6 7. 0-0 Qc7 8. exf6 Nxf6 9. Re1 Bd6 10. Na3 a6 11. Nc2 0-0 12. c4 cxd4 13. cxd5 exd5 14. Ncxd4 Rae8 15. Bg5 Ng4 16. Nb3 Bxh2+ 17. Kf1 Re5 18. Bh4 Rh5 19. g3 Qb6 20. Nbd4 Nxd4 21. Nxh2 Rxf2+ 0-1

[Event "SLO-chT2 East"]
[Site "Brezice Maribor"]
[Date "2007.10.20"]
[Round "7"]
[White "Ivanussa, Bogomir"]
[Black "Slana, Mirko"]
[Result "1-0"]
[WhiteElo "2219"]
[BlackElo "2037"]
[PlyCount "27"]
[EventDate "2007.05.26"]
[EventType "team-tourn"]
[EventRounds "9"]
[EventCountry "SLO"]
[SourceTitle "EXT 2010"]
[Source "ChessBase"]
[SourceDate "2010.11.25"]
[SourceVersion "1"]
[SourceVersionDate "2010.11.25"]
[SourceQuality "1"]

1. e4 c5 2. Nf3 Nc6 3. Nc3 e6 4. d4 cxd4 5. Nxd4 Bb4 6. Ndb5 a6 7. Nd6+ Bxd6 8. Qxd6 Qe7 9. Qg3 f6 10. Bf4 Qf7 11. Bd6 Nge7 12. Na4 0-0 13. Nb6 Ra7 14. 0-0-0 1-0